| 000 | 00894cab a2200277 4500 | ||
|---|---|---|---|
| 001 | ABS49154 | ||
| 008 | 090401t1993 xxu||||| |||| 00| 0 eng d | ||
| 035 | _a(Sirsi) u70204 | ||
| 041 | _aeng | ||
| 100 | _aWalker, R. | ||
| 245 | _aRadon : the facts | ||
| 260 | _c1993 | ||
| 350 | _a0 | ||
| 490 |
_aVoluntary Housing _vAugust 1993, 12-14(3) |
||
| 520 | _aReports on the effects of radon and focuses on what housing associations are doing in some of the worst affected areas. Includes maps of the percentage of homes above action level in Devon, Cornwall and Derbyshire. | ||
| 650 | _aDESIGNATED AREAS | ||
| 650 | _aHOUSING ASSOCIATIONS | ||
| 650 | _aNATIONAL RADIOLOGICAL PROTECTION BOARD | ||
| 650 | _aNRPB | ||
| 650 | _aRADON GAS | ||
| 650 | _aTESTING METHODS | ||
| 690 | _aENVIRONMENTAL AND LAND CONSULTANCY | ||
| 700 | _aMason, P. | ||
| 942 | _n0 | ||
| 948 | _c04/03/1997 | ||
| 999 |
_c44162 _d44162 |
||